<?xml version="1.0" encoding="UTF-8"?>
<collection xmlns:xsi="http://www.w3.org/2001/XMLSchema-instance" xsi:schemaLocation="http://www.loc.gov/MARC21/slim http://www.loc.gov/standards/marcxml/schema/MARC21slim.xsd" xmlns="http://www.loc.gov/MARC21/slim">
 <record>
  <leader>00000cam a22000004a 4500</leader>
  <controlfield tag="001">UP-1685594773861341570</controlfield>
  <controlfield tag="003">Buklod</controlfield>
  <controlfield tag="005">20070906151340.0</controlfield>
  <controlfield tag="006">i|||||||||||||| | </controlfield>
  <controlfield tag="007">s| |||||||||||</controlfield>
  <controlfield tag="008">020506s2002    xx abf  rb   |000 0|eng d</controlfield>
  <datafield tag="020" ind1=" " ind2=" ">
   <subfield code="a">9719250704</subfield>
  </datafield>
  <datafield tag="035" ind1=" " ind2=" ">
   <subfield code="a">(iLib)UPBAG-00000019401</subfield>
  </datafield>
  <datafield tag="037" ind1=" " ind2=" ">
   <subfield code="a">BC-42781</subfield>
   <subfield code="c">P430.00</subfield>
  </datafield>
  <datafield tag="040" ind1=" " ind2=" ">
   <subfield code="a">DLC</subfield>
   <subfield code="c">DLC</subfield>
   <subfield code="d">BAG</subfield>
   <subfield code="e">rda</subfield>
  </datafield>
  <datafield tag="041" ind1="0" ind2=" ">
   <subfield code="a">eng</subfield>
  </datafield>
  <datafield tag="042" ind1=" " ind2=" ">
   <subfield code="a">lcode</subfield>
  </datafield>
  <datafield tag="050" ind1="0" ind2="0">
   <subfield code="a">DS688.M2</subfield>
   <subfield code="b">G37 2002</subfield>
  </datafield>
  <datafield tag="090" ind1=" " ind2=" ">
   <subfield code="a">DS 688 M2</subfield>
   <subfield code="b">G37</subfield>
  </datafield>
  <datafield tag="100" ind1="1" ind2=" ">
   <subfield code="a">Gaspar, Karl</subfield>
   <subfield code="d">1947-</subfield>
  </datafield>
  <datafield tag="245" ind1="1" ind2="0">
   <subfield code="a">Mapagpakamalinawon</subfield>
   <subfield code="b">a reader for the Mindanawon peace advocate</subfield>
   <subfield code="c">Karl M. Gaspar, Elpidio A. Lapad, Ailynne J. Maravillas.</subfield>
  </datafield>
  <datafield tag="246" ind1="3" ind2="2">
   <subfield code="a">A Reader for the Mindanawon peace advocate</subfield>
  </datafield>
  <datafield tag="250" ind1=" " ind2=" ">
   <subfield code="a">1st AFRIM &amp; CRS ed.</subfield>
  </datafield>
  <datafield tag="264" ind1=" " ind2="1">
   <subfield code="a">Davao City</subfield>
   <subfield code="b">Alternate Forum for Research in Mindanao</subfield>
   <subfield code="a">Manila</subfield>
   <subfield code="b">Catholic Relief Services/Philippines</subfield>
   <subfield code="c">2002.</subfield>
  </datafield>
  <datafield tag="300" ind1=" " ind2=" ">
   <subfield code="a">xvi, 288 p., [1] leaf of plates</subfield>
   <subfield code="b">ill., maps</subfield>
   <subfield code="c">24 cm.</subfield>
  </datafield>
  <datafield tag="504" ind1=" " ind2=" ">
   <subfield code="a">Includes bibliographical references (p. 258-277)</subfield>
  </datafield>
  <datafield tag="505" ind1="0" ind2=" ">
   <subfield code="a">Introduction -- research study -- conducting the research study -- a historical perspective of conflict situation in Mindanao-Sulu -- trade and Islamization -- the impact of Islam -- the spanish conquest -- the American occupation -- the Philippines becomes independent -- Marcos declares Martial Rule -- the state and civil society's response to the conflict situation -- Marcos' moves vis-a-vis the Bangsamoro struggle -- the Tripoli agreement -- Cory Aquino's attempts to end the war -- Ramos' conflict-resolution initiatives -- civil society's response to Bangsamoro sentiments and aspirations -- civil society's reponses to hostilities -- the Estrada administration's all-out war -- new dimensions of all-out war policy -- the Sulu hostage crisis -- civil society initiatives -- CBCP calls on Erap to abandon all-out war policy -- peacebuilding efforts in the streets -- the role of media -- assessment of Mindanawon civil society -- facilitating the peace process -- case studies of grassroots initiatives -- Maladeg, Sultan Gumander, Lano del Sur -- Malabang, Lanao del Sur -- Sapad, Lanao del Norte -- Dinas, Zamboanga del Sur -- Cotabato : Miryamville, Sultan Kudarat(Maguindanao) -- Bual, Isulan, Sultan Kudarat -- Zamboanga City -- summary of findings and recommendation -- the case studies -- sociodemographic characteristics -- concrete responses to the situations of conflict -- key agents in grassroots initiatives -- views on the conflict's root causes, violence, peace and leadership styles -- views on faith and peacebuilding efforts -- evaluation of peacebuilding initiatives -- overall assessment of grassroots responses to the Mindanao conflict situation.</subfield>
  </datafield>
  <datafield tag="650" ind1=" " ind2="0">
   <subfield code="a">Ethnic conflict</subfield>
   <subfield code="z">Philippines</subfield>
   <subfield code="z">Mindanao.</subfield>
  </datafield>
  <datafield tag="650" ind1=" " ind2="0">
   <subfield code="a">Islam</subfield>
   <subfield code="x">Relations</subfield>
   <subfield code="x">Christianity.</subfield>
  </datafield>
  <datafield tag="650" ind1=" " ind2="0">
   <subfield code="a">Muslims</subfield>
   <subfield code="z">Philippines</subfield>
   <subfield code="z">Mindanao.</subfield>
  </datafield>
  <datafield tag="650" ind1=" " ind2="0">
   <subfield code="a">Peace movements</subfield>
   <subfield code="z">Philippines</subfield>
   <subfield code="z">Mindanao.</subfield>
  </datafield>
  <datafield tag="651" ind1=" " ind2="0">
   <subfield code="a">Mindanao Island</subfield>
   <subfield code="x">History</subfield>
   <subfield code="x">Autonomy and independence movements.</subfield>
  </datafield>
  <datafield tag="651" ind1=" " ind2="0">
   <subfield code="a">Mindanao Island</subfield>
   <subfield code="x">Ethnic relations.</subfield>
  </datafield>
  <datafield tag="700" ind1="1" ind2=" ">
   <subfield code="a">Lapad, Elpidio A.</subfield>
  </datafield>
  <datafield tag="700" ind1="1" ind2=" ">
   <subfield code="a">Maravillas, Ailynne J.</subfield>
  </datafield>
  <datafield tag="905" ind1=" " ind2=" ">
   <subfield code="a">FI</subfield>
  </datafield>
  <datafield tag="852" ind1="0" ind2=" ">
   <subfield code="a">UPBAG</subfield>
   <subfield code="b">UPBAG-MAIN</subfield>
   <subfield code="h">DS 688 M2 G37</subfield>
  </datafield>
  <datafield tag="852" ind1="0" ind2=" ">
   <subfield code="a">UPMNL</subfield>
   <subfield code="b">CASM</subfield>
   <subfield code="h">DS 688 M2</subfield>
   <subfield code="i">G37 2002</subfield>
  </datafield>
  <datafield tag="942" ind1=" " ind2=" ">
   <subfield code="a">Book</subfield>
  </datafield>
 </record>
</collection>
